| 000 | 00453nam a2200145 a 4500 | ||
|---|---|---|---|
| 001 | 000036858 | ||
| 005 | 20200930080000.0 | ||
| 008 | 120202s2011 dr 000 0 spa d | ||
| 040 |
_aDO-SdBNP _bspa _cBNPHU |
||
| 082 |
_axxxx _bP349e |
||
| 100 | 1 |
_aPeña, Porfirio _963145 |
|
| 245 | 1 | 0 |
_aDe expo-cañada al cielo. / _cPorfirio Peña. |
| 260 |
_aSanto Domingo : _bFundación Editorial "Un amigo para leer" (UNAPLEERFE), _c2011. |
||
| 300 |
_a126 p. ; _c21 cm. |
||
| 999 |
_c36349 _d36349 |
||